01231nam a22002057a 45000010005000000030006000050050017000110080041000280200018000690400029000870820015001161000020001312450064001512600038002153000045002534900020002985200644003186500029009627000034009915640FISKH20250108115911.0250108b cb ||||| |||| 00| 0 eng d a9781407124155 aFISKHbengcFISKHdFISKH a942.055092 aDonkin, Andrew  aSir Francis Drake and his daring deeds /cby Andrew Donkin  aNew York : bScholastic ;c2006.  a176 pages : billustrations ; c21 cm .  aHorribly Famous aSir Frances Drake (1540-96) was a fearless explorer, a dashing sea hero, and the first Englishman to voyage around the world. In his later years he was chosen as the mayor of Plymouth, represents Bossiney in Parliament and finds fame as one of the great naval warriors of the Tudor period. Called 'El Draque', the dragon, by the Spanish, his status as national hero comes from the leading role he played in stopping the Spanish King's Armada invading England. There's no doubt his life has all the ingredients for creating a classic Dead Famous, and Andrew Donkin (author of Dahl, Shakespeare) is one of the best authors to do him justice. aexplorationvnon-fiction aGoddard, Clive eillustrator